Members of the Order of the White Lotus - Statistics

General Stats
  • This quiz has been taken 183 times
  • The average score is 5 of 7
Answer Stats
Nation Answer % Correct
Fire Iroh
98%
Earth Bumi
96%
Water Pakku
93%
Fire Jeong Jeong
82%
Fire Piandao
70%
Earth Fung
6%
Air Jinpa
5%
No matching quizzes found
Score Distribution
Percent of People with Each Score
Percentile by Number Answered
Your Score History
You have not taken this quiz